| 000 | 00827nam a2200229 i 4500 | ||
|---|---|---|---|
| 001 | 186487 | ||
| 003 | SpMaBN | ||
| 005 | 20260610142500.0 | ||
| 008 | 161117m19711980fr |||| |dfre d | ||
| 080 | _a821.133.1-82"19" | ||
| 100 | 1 |
_aValéry, Paul, _d1871-1945 _9243197 |
|
| 245 | 1 | 0 |
_aOeuvres / _cPaul Valéry ; édition établie et annotée par Jean Hytier. |
| 260 |
_a[Paris] : _bGallimard, _c[1971-1980] |
||
| 300 |
_a2 v. (1857 p.; 1670 p.) ; _c18 cm. |
||
| 490 | 1 |
_aBibliothèque de la Pléiade ; _v127, 148 |
|
| 504 | _aBibliografía: p. [1609]-1664. | ||
| 595 | _av. 1 publ. en 1980; v. 2 publ. en 1971. | ||
| 700 | 1 |
_aHytier, Jean. _9161283 |
|
| 830 | 0 |
_aBibliothèque de la Pléiade ; _v127, 148 _9180233 |
|
| 852 |
_aES-MaACL _jL-30828-29 _z- enc. guaflex _z. - Donat. Miguel A. Velasco |
||
| 999 |
_c186487 _d186487 |
||